[Event "Landesliga Ost MV 2014-15"]
[Site "Mecklenburg-Vorpommern"]
[Date "2014.11.09"]
[Round "2.8"]
[White "Bollnow, Alex"]
[Black "Gloeckner, Jan"]
[Result "0-1"]
[WhiteElo "1406"]
[BlackElo "1537"]
[PlyCount "68"]
[EventType "team-tourn"]
[EventRounds "9"]
[EventCountry "GER"]
[SourceDate "2014.04.06"]
[WhiteTeam "SAV Torgelow-Droegeheide 90  II"]
[BlackTeam "SG Eintracht Neubrandenburg  III"]

1. e4 d5 2. exd5 Nf6 3. Nc3 e5 4. Bc4 Bc5 5. Nf3 Bg4 6. h3 Bxf3 7. Qxf3 O-O 8.
O-O c6 9. Ne4 Nxe4 10. Qxe4 Qd6 11. a3 Kh8 12. g4 Nd7 13. b4 Bb6 14. dxc6 bxc6
15. Bb2 Rae8 16. d3 Bc7 17. Rae1 Nf6 18. Qg2 Nd5 19. Bxd5 cxd5 20. Bc1 f5 21.
c4 fxg4 22. hxg4 dxc4 23. dxc4 e4 24. Be3 Rf3 25. Rd1 Qf6 26. Rd7 Be5 27. Rfd1
Kg8 28. g5 Qg6 29. Qg4 h5 30. Qg2 h4 31. Qg4 h3 32. Rxa7 Ref8 33. Rd2 h2+ 34.
Kh1 Rxe3 0-1

[Event "Landesliga Ost MV 2014-15"]
[Site "Mecklenburg-Vorpommern"]
[Date "2014.11.09"]
[Round "2.1"]
[White "Jeske, Holger"]
[Black "Stork, Michael"]
[Result "0-1"]
[WhiteElo "1833"]
[BlackElo "2038"]
[PlyCount "102"]
[EventType "team-tourn"]
[EventRounds "9"]
[EventCountry "GER"]
[SourceDate "2014.04.06"]
[WhiteTeam "SSC Rostock 07  III"]
[BlackTeam "ESV Waren"]

1. e4 c5 2. Nf3 d6 3. Be2 Nf6 4. d3 g6 5. c3 Bg7 6. h3 Nc6 7. Be3 a6 8. Nbd2
O-O 9. Nf1 b5 10. g4 Rb8 11. Ng3 b4 12. d4 bxc3 13. bxc3 Qa5 14. O-O Nd7 15.
Qd3 Rb2 16. a3 Rb3 17. Qd1 Rxa3 18. Rxa3 Qxa3 19. Qd2 cxd4 20. cxd4 Bb7 21. d5
Nb4 22. Rb1 a5 23. Bd4 Bxd4 24. Qxd4 Rc8 25. Kg2 Qc3 26. Qa7 Qc7 27. Qe3 Kg7
28. Qg5 Nf6 29. Nd4 Qd8 30. h4 Kh8 31. Qe3 Qd7 32. g5 Ng4 33. Qf4 Ne5 34. Nf3
Nxf3 35. Bxf3 Rf8 36. h5 Kg8 37. Rh1 e5 38. Qh4 Nd3 39. Ne2 Bc8 40. Rd1 Nc5 41.
Ng3 Qe7 42. Bg4 Bxg4 43. Qxg4 Rb8 44. Ra1 a4 45. Ra3 Rb3 46. Ra1 a3 47. hxg6
fxg6 48. Nf5 gxf5 49. exf5 Nd3 50. f6 Qe8 51. Qe6+ Qxe6 0-1

[Event "Landesliga Ost MV 2014-15"]
[Site "Mecklenburg-Vorpommern"]
[Date "2014.11.09"]
[Round "2.2"]
[White "Schumacher, Albrecht"]
[Black "Menkhaus, Wolf Dieter"]
[Result "1/2-1/2"]
[WhiteElo "1950"]
[BlackElo "1840"]
[PlyCount "50"]
[EventType "team-tourn"]
[EventRounds "9"]
[EventCountry "GER"]
[SourceDate "2014.04.06"]
[WhiteTeam "ESV Waren"]
[BlackTeam "SSC Rostock 07  III"]

1. d4 Nf6 2. c4 c5 3. d5 e5 4. Nc3 d6 5. e4 Be7 6. Bd3 Nbd7 7. Nf3 Nf8 8. O-O
Ng6 9. a3 a6 10. b4 b6 11. Rb1 O-O 12. Ne1 Bg4 13. Be2 Bxe2 14. Qxe2 Qd7 15.
Nd3 Rab8 16. Bd2 Qc7 17. bxc5 bxc5 18. Qd1 Rxb1 19. Qxb1 Rb8 20. Qc2 h6 21. f3
Nd7 22. g3 Bg5 23. Bxg5 hxg5 24. Rb1 Rxb1+ 25. Nxb1 Qa5 1/2-1/2

[Event "Landesliga Ost MV 2014-15"]
[Site "Mecklenburg-Vorpommern"]
[Date "2014.11.09"]
[Round "2.3"]
[White "Moritz, Hartmut"]
[Black "Schreiner, Wolfgang"]
[Result "1/2-1/2"]
[WhiteElo "1831"]
[BlackElo "1830"]
[PlyCount "60"]
[EventType "team-tourn"]
[EventRounds "9"]
[EventCountry "GER"]
[SourceDate "2014.04.06"]
[WhiteTeam "SSC Rostock 07  III"]
[BlackTeam "ESV Waren"]

1. e4 c5 2. c3 e6 3. d4 d5 4. e5 Nc6 5. Nf3 Qb6 6. a3 Nh6 7. b4 c4 8. Bxh6 gxh6
9. Nbd2 Be7 10. g3 Bd7 11. Bg2 O-O-O 12. O-O f5 13. Qe2 Rdf8 14. Qe3 f4 15.
gxf4 Rhg8 16. Kh1 Qd8 17. Bh3 Qe8 18. f5 Qh5 19. fxe6 Be8 20. Ng1 Bg6 21. f4
Bf5 22. Bxf5 Qxf5 23. Nxc4 dxc4 24. d5 Nxe5 25. Qxe5 Qc2 26. Ne2 Rf5 27. Qe3
Rxd5 28. Rg1 Rxg1+ 29. Rxg1 Rd2 30. Rg8+ Kc7 1/2-1/2

[Event "Landesliga Ost MV 2014-15"]
[Site "Mecklenburg-Vorpommern"]
[Date "2014.11.09"]
[Round "2.4"]
[White "Wittig, Harry"]
[Black "Hochgraefe, Hans Juergen"]
[Result "1/2-1/2"]
[WhiteElo "1867"]
[BlackElo "1805"]
[PlyCount "46"]
[EventType "team-tourn"]
[EventRounds "9"]
[EventCountry "GER"]
[SourceDate "2014.04.06"]
[WhiteTeam "ESV Waren"]
[BlackTeam "SSC Rostock 07  III"]

1. d4 Nf6 2. Nf3 e6 3. Bg5 d5 4. e3 Nbd7 5. c4 c6 6. Nc3 Qa5 7. Nd2 Bb4 8. Qc2
Ne4 9. Ndxe4 dxe4 10. Bh4 O-O 11. Be2 f5 12. O-O Nf6 13. f3 exf3 14. Bxf3 e5
15. Bg3 e4 16. Be2 Qd8 17. Rad1 Bd6 18. Bxd6 Qxd6 19. a3 Qc7 20. b4 Be6 21. Rc1
Rac8 22. Qd2 Qd7 23. g3 Rfd8 1/2-1/2

[Event "Landesliga Ost MV 2014-15"]
[Site "Mecklenburg-Vorpommern"]
[Date "2014.11.09"]
[Round "2.5"]
[White "Mueller, Michael"]
[Black "Dohnow, Thomas"]
[Result "1/2-1/2"]
[WhiteElo "1794"]
[BlackElo "1747"]
[PlyCount "85"]
[EventType "team-tourn"]
[EventRounds "9"]
[EventCountry "GER"]
[SourceDate "2014.04.06"]
[WhiteTeam "SSC Rostock 07  III"]
[BlackTeam "ESV Waren"]

1. d4 d5 2. e4 dxe4 3. Nc3 Nf6 4. f3 exf3 5. Nxf3 Bg4 6. h3 Bh5 7. g4 Bg6 8.
Bc4 e6 9. Ne2 Nc6 10. Bb5 Be4 11. Nc3 Qd6 12. Nxe4 Nxe4 13. Bxc6+ Qxc6 14. Ne5
Qd5 15. O-O f6 16. c4 Qd6 17. Re1 fxe5 18. Rxe4 exd4 19. Bf4 Qc6 20. Qe1 O-O-O
21. Rxe6 Qf3 22. Bg5 Bc5 23. Bxd8 Rxd8 24. Re5 Bd6 25. Rf5 Qxh3 26. Qe6+ Kb8
27. Rh5 Qg3+ 28. Kh1 Qf3+ 29. Kg1 d3 30. c5 d2 31. cxd6 d1=Q+ 32. Rxd1 Qxd1+
33. Kg2 Qc2+ 34. Kg3 cxd6 35. Qe7 Qd3+ 36. Kh4 Rc8 37. Qxg7 Qe4 38. Rxh7 Qe1+
39. Kh5 Rc5+ 40. g5 Qe2+ 41. Kh6 Qh2+ 42. Kg6 Qc2+ 43. Kh6 1/2-1/2

[Event "Landesliga Ost MV 2014-15"]
[Site "Mecklenburg-Vorpommern"]
[Date "2014.11.09"]
[Round "2.6"]
[White "Lotz, Robert"]
[Black "Herde, Dittmar"]
[Result "0-1"]
[WhiteElo "1712"]
[BlackElo "1788"]
[PlyCount "74"]
[EventType "team-tourn"]
[EventRounds "9"]
[EventCountry "GER"]
[SourceDate "2014.04.06"]
[WhiteTeam "ESV Waren"]
[BlackTeam "SSC Rostock 07  III"]

1. e4 c5 2. Nf3 d6 3. d4 cxd4 4. Nxd4 Nf6 5. Bd3 g6 6. h3 Bg7 7. c3 Nc6 8. Be3
a6 9. O-O Bd7 10. Nxc6 Bxc6 11. f3 O-O 12. Nd2 b5 13. Rc1 Qa5 14. a3 Rfc8 15.
Nb3 Qd8 16. Qe2 Nd7 17. Nd4 Bb7 18. c4 bxc4 19. Rxc4 Nc5 20. Bb1 a5 21. b4 axb4
22. axb4 Na4 23. Rfc1 Rxc4 24. Qxc4 Rc8 25. Qf1 Rc3 26. Rxc3 Nxc3 27. Bd3 d5
28. exd5 Nxd5 29. Nc2 Nxe3 30. Nxe3 Qd4 31. Qe2 Qxb4 32. Kh1 Qc5 33. Bc4 e6 34.
Qd3 Bd4 35. Nc2 Bf2 36. Qe2 Qb6 37. g4 Qb1+ 0-1

[Event "Landesliga Ost MV 2014-15"]
[Site "Mecklenburg-Vorpommern"]
[Date "2014.11.09"]
[Round "2.7"]
[White "Maertin, Heinz"]
[Black "Mayerhoff, Lothar"]
[Result "1/2-1/2"]
[WhiteElo "1673"]
[BlackElo "1560"]
[PlyCount "58"]
[EventType "team-tourn"]
[EventRounds "9"]
[EventCountry "GER"]
[SourceDate "2014.04.06"]
[WhiteTeam "SSC Rostock 07  III"]
[BlackTeam "ESV Waren"]

1. e4 c5 2. Nc3 a6 3. Nge2 e5 4. g3 Nf6 5. Bg2 d6 6. O-O Nc6 7. d3 h6 8. h3 Nd4
9. f4 Nxe2+ 10. Qxe2 Qe7 11. Bd2 Bd7 12. Rae1 O-O-O 13. Qf3 Be8 14. Nd5 Nxd5
15. exd5 Qf6 16. Ba5 Rd7 17. fxe5 Qxf3 18. Bxf3 dxe5 19. Bg4 f6 20. c4 Bd6 21.
Bc3 h5 22. Bxd7+ Bxd7 23. Kg2 b6 24. a3 a5 25. Rb1 Be8 26. Rfe1 Bg6 27. Re3 Kc7
28. b4 axb4 29. axb4 Ra8 1/2-1/2

[Event "Landesliga Ost MV 2014-15"]
[Site "Mecklenburg-Vorpommern"]
[Date "2014.11.09"]
[Round "2.8"]
[White "Stork, Leonard Christopher"]
[Black "Bardosch, Karl"]
[Result "0-1"]
[WhiteElo "1388"]
[BlackElo "1680"]
[PlyCount "114"]
[EventType "team-tourn"]
[EventRounds "9"]
[EventCountry "GER"]
[SourceDate "2014.04.06"]
[WhiteTeam "ESV Waren"]
[BlackTeam "SSC Rostock 07  III"]

1. Nf3 Nf6 2. d4 d5 3. c4 e6 4. Nc3 dxc4 5. e4 a6 6. Bg5 Be7 7. Bxc4 b5 8. Be2
Bb7 9. e5 Nd5 10. Bxe7 Qxe7 11. Nxd5 Bxd5 12. O-O Nd7 13. a4 Qb4 14. axb5 axb5
15. Rxa8+ Bxa8 16. Qd3 Bc6 17. Rc1 Nb8 18. d5 exd5 19. Nd4 Bd7 20. Rxc7 Qe1+
21. Bf1 Qxe5 22. Nxb5 O-O 23. Rc5 Qxb2 24. Rxd5 Be6 25. Rd8 Nd7 26. Rxd7 Bxd7
27. Qxd7 Qf6 28. Qd4 Qe6 29. g3 Qc6 30. Nc3 Rc8 31. Ne4 Re8 32. Bd3 Rf8 33. Ng5
Qc1+ 34. Kg2 Qxg5 35. Qe4 Qg6 36. Qxg6 hxg6 37. h4 Rd8 38. Bc4 Kf8 39. Kf3 Ke7
40. Ba2 Kf6 41. g4 Rd3+ 42. Kg2 Ke7 43. Bb1 Rb3 44. Be4 Kd6 45. f3 Ke5 46. Kg3
f5 47. Bc2 Rc3 48. Ba4 f4+ 49. Kf2 g5 50. h5 Ra3 51. Bc6 Ra2+ 52. Ke1 Kd4 53.
Be4 Ke3 54. Kd1 Rf2 55. Ke1 Rxf3 56. Bxf3 Kxf3 57. Kf1 Kxg4 0-1

[Event "Landesliga Ost MV 2014-15"]
[Site "Mecklenburg-Vorpommern"]
[Date "2014.11.09"]
[Round "2.1"]
[White "Luethke, Hans Eckart"]
[Black "Pawlick, Helmut"]
[Result "1-0"]
[WhiteElo "2121"]
[BlackElo "1816"]
[PlyCount "89"]
[EventType "team-tourn"]
[EventRounds "9"]
[EventCountry "GER"]
[SourceDate "2014.04.06"]
[WhiteTeam "SSC Graal-Mueritz"]
[BlackTeam "SV Rugia Bergen"]

1. e4 e6 2. d3 d5 3. Qe2 Nf6 4. e5 Nfd7 5. Nf3 c5 6. g3 Nc6 7. Bg2 Be7 8. h4 h6
9. c4 d4 10. h5 Qa5+ 11. Bd2 Qb6 12. Bf4 Qb4+ 13. Kf1 Qb6 14. Na3 a6 15. Nh4
Ndxe5 16. Bxe5 Nxe5 17. Qxe5 Qxb2 18. Rd1 Qxa3 19. Qxg7 Rf8 20. Qxh6 Qa4 21.
Rd2 Bd7 22. Bxb7 Rb8 23. Bf3 Bc6 24. Qf4 Kd7 25. Ke2 Bd6 26. Bxc6+ Qxc6 27. Qf3
Qb6 28. h6 Be7 29. Qh5 Qc6 30. Nf3 f6 31. h7 e5 32. Qf5+ Qe6 33. Qe4 Bd6 34.
Rh6 f5 35. Qh4 Qe7 36. Ng5 e4 37. dxe4 fxe4 38. Qg4+ Kc6 39. Qxe4+ Qxe4+ 40.
Nxe4 Rfe8 41. Rxd6+ Kc7 42. f3 Rxe4+ 43. fxe4 Kxd6 44. Rd1 Ke5 45. Rh1 1-0

[Event "Landesliga Ost MV 2014-15"]
[Site "Mecklenburg-Vorpommern"]
[Date "2014.11.09"]
[Round "2.2"]
[White "Pawlowicz, Wolfgang"]
[Black "Van Bentum, Horst"]
[Result "1/2-1/2"]
[WhiteElo "1711"]
[BlackElo "2013"]
[PlyCount "53"]
[EventType "team-tourn"]
[EventRounds "9"]
[EventCountry "GER"]
[SourceDate "2014.04.06"]
[WhiteTeam "SV Rugia Bergen"]
[BlackTeam "SSC Graal-Mueritz"]

1. c4 e5 2. Nc3 Nf6 3. d3 Bb4 4. Bd2 O-O 5. e4 Re8 6. a3 Bxc3 7. Bxc3 c6 8. Be2
d5 9. Qc2 a5 10. b3 d4 11. Bd2 Nbd7 12. f4 exf4 13. Bxf4 Ne5 14. Bxe5 Rxe5 15.
Nf3 Re8 16. Nd2 Bg4 17. Nf3 Bxf3 18. Bxf3 Nd7 19. O-O Ne5 20. Qd2 Qh4 21. Be2
Re6 22. Qf4 Qxf4 23. Rxf4 c5 24. Raf1 f6 25. R1f2 Nc6 26. Bd1 Re5 27. Bc2
1/2-1/2

[Event "Landesliga Ost MV 2014-15"]
[Site "Mecklenburg-Vorpommern"]
[Date "2014.11.09"]
[Round "2.3"]
[White "Schumann, Lutz"]
[Black "Wichert, Till"]
[Result "1/2-1/2"]
[WhiteElo "1735"]
[BlackElo "1411"]
[PlyCount "44"]
[EventType "team-tourn"]
[EventRounds "9"]
[EventCountry "GER"]
[SourceDate "2014.04.06"]
[WhiteTeam "SSC Graal-Mueritz"]
[BlackTeam "SV Rugia Bergen"]

1. c4 e5 2. Nc3 Nf6 3. d3 Nc6 4. g3 Bc5 5. e3 O-O 6. a3 a5 7. Bg2 d6 8. Nf3 Re8
9. O-O Bg4 10. h3 Bh5 11. Qb3 Rb8 12. Nd2 Bg6 13. Nce4 Nd7 14. Qb5 Bb6 15. b4
f5 16. Nc3 Nf6 17. Nd5 Nxd5 18. Bxd5+ Kh8 19. Bxc6 bxc6 20. Qxc6 f4 21. Ne4 Rf8
22. Bd2 Be8 1/2-1/2

[Event "Landesliga Ost MV 2014-15"]
[Site "Mecklenburg-Vorpommern"]
[Date "2014.11.09"]
[Round "2.4"]
[White "Burwitz, Joerg"]
[Black "Poppe, Thomas"]
[Result "1-0"]
[WhiteElo "1676"]
[BlackElo "1722"]
[PlyCount "73"]
[EventType "team-tourn"]
[EventRounds "9"]
[EventCountry "GER"]
[SourceDate "2014.04.06"]
[WhiteTeam "SV Rugia Bergen"]
[BlackTeam "SSC Graal-Mueritz"]

1. d4 d5 2. Nf3 e6 3. g3 Nf6 4. Bg2 c5 5. c3 cxd4 6. cxd4 Be7 7. O-O O-O 8. Nc3
Nbd7 9. Bg5 a6 10. Rc1 b5 11. e3 Bb7 12. Qe2 Rc8 13. Rc2 h6 14. Bxf6 {(=)} Nxf6
15. Ne5 Qa5 16. a3 Rc7 17. Rfc1 Rfc8 18. Nd3 b4 19. axb4 Bxb4 20. Nxb4 Qxb4 21.
Bf1 {(=)} Qb3 22. f3 Nd7 23. Ra1 e5 24. Bh3 e4 25. fxe4 dxe4 26. Rd2 g6 27. Rf1
Rf8 28. Bxd7 Rxd7 29. Qg4 Re7 30. Qh4 Re6 31. Qxh6 Qb6 32. Rf4 f5 33. Rh4 Kf7
34. Qg5 Rg8 35. Rf2 Bc8 36. Nxe4 Qxb2 37. Rxb2 1-0

[Event "Landesliga Ost MV 2014-15"]
[Site "Mecklenburg-Vorpommern"]
[Date "2014.11.09"]
[Round "2.5"]
[White "Micheel, Peter"]
[Black "Tabbert, Dirk"]
[Result "1/2-1/2"]
[WhiteElo "1721"]
[BlackElo "1629"]
[PlyCount "47"]
[EventType "team-tourn"]
[EventRounds "9"]
[EventCountry "GER"]
[SourceDate "2014.04.06"]
[WhiteTeam "SSC Graal-Mueritz"]
[BlackTeam "SV Rugia Bergen"]

1. e4 c6 2. d4 d5 3. Nc3 dxe4 4. Nxe4 Bf5 5. Ng3 Bg6 6. h4 h6 7. Nf3 Nd7 8. h5
Bh7 9. Bd3 Bxd3 10. Qxd3 e6 11. Bd2 Ngf6 12. O-O-O Bd6 13. Qe2 Qc7 14. Nf5
O-O-O 15. Nxd6+ Qxd6 16. Ne5 Qe7 17. Ba5 Rde8 18. Rh3 Nd5 19. Kb1 Nf4 20. Qc4
Nxe5 21. dxe5 Nxh3 22. gxh3 f6 23. f4 c5 24. Rd6 1/2-1/2

[Event "Landesliga Ost MV 2014-15"]
[Site "Mecklenburg-Vorpommern"]
[Date "2014.11.09"]
[Round "2.6"]
[White "Rosenbusch, Robert Mario"]
[Black "Hausmann, Ulli"]
[Result "0-1"]
[WhiteElo "1664"]
[BlackElo "1623"]
[PlyCount "73"]
[EventType "team-tourn"]
[EventRounds "9"]
[EventCountry "GER"]
[SourceDate "2014.04.06"]
[WhiteTeam "SV Rugia Bergen"]
[BlackTeam "SSC Graal-Mueritz"]

1. c4 d6 2. g3 Bd7 3. Bg2 Qc8 4. Nc3 Nf6 5. d4 e6 6. Nf3 Nc6 7. b3 e5 8. dxe5
dxe5 9. O-O Bh3 10. Nd5 Bxg2 11. Kxg2 Bd6 12. Bb2 Qd7 13. Nxf6+ gxf6 14. Rc1
Qe7 15. Nh4 O-O-O 16. Nf5 Qe6 17. Qc2 h5 18. c5 Be7 19. Nxe7+ Nxe7 20. h4 Rhg8
21. Rcd1 Qg4 22. Rxd8+ Kxd8 23. Qd3+ Kc8 24. Rd1 Nc6 25. Qf3 Qxh4 26. Qf5+ Kb8
27. Rh1 Qg5 28. Rxh5 Qxf5 29. Rxf5 Rg6 30. Rh5 Kc8 31. Kf3 Kd7 32. Rh8 Ne7 33.
Bc1 f5 34. Rf8 e4+ 35. Ke3 Rg7 36. Bb2 Rh7 37. f4 0-1

[Event "Landesliga Ost MV 2014-15"]
[Site "Mecklenburg-Vorpommern"]
[Date "2014.11.09"]
[Round "2.7"]
[White "Rath, Wolfgang"]
[Black "Klingenberg, Dietrich"]
[Result "1-0"]
[WhiteElo "1607"]
[BlackElo "1628"]
[PlyCount "61"]
[EventType "team-tourn"]
[EventRounds "9"]
[EventCountry "GER"]
[SourceDate "2014.04.06"]
[WhiteTeam "SSC Graal-Mueritz"]
[BlackTeam "SV Rugia Bergen"]

1. e4 e6 2. d4 d5 3. exd5 exd5 4. Nf3 Nc6 5. Be3 Nf6 6. c3 Bd6 7. Bd3 Bg4 8.
Nbd2 Ne4 9. Bxe4 dxe4 10. Nxe4 O-O 11. O-O Re8 12. Ned2 Ne7 13. Bg5 f6 14. Qb3+
Kh8 15. Bh4 b6 16. Rae1 Nf5 17. Rxe8+ Qxe8 18. Re1 Qh5 19. Bg3 Nxg3 20. hxg3
Re8 21. Rxe8+ Qxe8 22. Qd5 Be6 23. Qe4 Qd7 24. a3 h6 25. Qa8+ Bg8 26. Ne4 a5
27. Nh4 Kh7 28. Nxd6 cxd6 29. Qe4+ Kh8 30. Ng6+ Kh7 31. Nf8+ 1-0

[Event "Landesliga Ost MV 2014-15"]
[Site "Mecklenburg-Vorpommern"]
[Date "2014.11.09"]
[Round "2.8"]
[White "Steinbrecher, Marco"]
[Black "Schroeter, Reinhard"]
[Result "1/2-1/2"]
[WhiteElo "1394"]
[BlackElo "1535"]
[PlyCount "43"]
[EventType "team-tourn"]
[EventRounds "9"]
[EventCountry "GER"]
[SourceDate "2014.04.06"]
[WhiteTeam "SV Rugia Bergen"]
[BlackTeam "SSC Graal-Mueritz"]

1. e4 c5 2. Nc3 Nc6 3. g3 d6 4. Bg2 Nf6 5. Nge2 e6 6. d4 cxd4 7. Nxd4 a6 8.
Nxc6 bxc6 9. e5 Nd5 10. Nxd5 cxd5 11. exd6 Bxd6 12. O-O Rb8 13. c4 Be5 14. cxd5
O-O 15. Qe2 Qf6 16. Rb1 exd5 17. Bxd5 Bf5 18. Be4 Rfe8 19. Bxf5 Qxf5 20. Be3
Qe6 21. b3 Bd4 22. Qc4 1/2-1/2

[Event "Landesliga Ost MV 2014-15"]
[Site "Mecklenburg-Vorpommern"]
[Date "2014.11.09"]
[Round "2.1"]
[White "Nauschuetz, Ernst"]
[Black "Stoevesand, Eric"]
[Result "0-1"]
[WhiteElo "1818"]
[BlackElo "1944"]
[PlyCount "61"]
[EventType "team-tourn"]
[EventRounds "9"]
[EventCountry "GER"]
[SourceDate "2014.04.06"]
[WhiteTeam "Greifswalder SV  II"]
[BlackTeam "SG Eintracht Neubrandenburg  "]

1. c4 c5 2. g3 g6 3. Bg2 Bg7 4. Nf3 Nc6 5. O-O e6 6. e3 Nge7 7. d4 cxd4 8. exd4
d5 9. cxd5 Nxd5 10. Nc3 O-O 11. Rb1 Qa5 12. Nxd5 Qxd5 13. Be3 Qxa2 14. Qd2 Rd8
15. Rfd1 Qd5 16. b4 Qb5 17. Bf1 Qh5 18. Be2 Qd5 19. b5 Ne7 20. Bg5 f6 21. Bf4
b6 22. Ne1 Bb7 23. Bf3 Qd7 24. Bxb7 Qxb7 25. Rb3 Nd5 26. Be3 Rac8 27. Ra1 Rc7
28. Rba3 Bf8 29. Rxa7 Qxa7 30. Rxa7 Rxa7 31. Kg2 {ZÜ} 0-1

[Event "Landesliga Ost MV 2014-15"]
[Site "Mecklenburg-Vorpommern"]
[Date "2014.11.09"]
[Round "2.2"]
[White "Stoevesand, Peter"]
[Black "Malchau, Jochen"]
[Result "1/2-1/2"]
[WhiteElo "1864"]
[BlackElo "1597"]
[PlyCount "47"]
[EventType "team-tourn"]
[EventRounds "9"]
[EventCountry "GER"]
[SourceDate "2014.04.06"]
[WhiteTeam "SG Eintracht Neubrandenburg  "]
[BlackTeam "Greifswalder SV  II"]

1. e4 c6 2. d4 d5 3. Nc3 dxe4 4. Nxe4 Bf5 5. Ng3 Bg6 6. Nf3 Nd7 7. Bc4 e6 8.
O-O Ngf6 9. Re1 Be7 10. c3 Qc7 11. Qe2 O-O 12. Bg5 Rfe8 13. Rad1 Nd5 14. Bxe7
Rxe7 15. Bxd5 cxd5 16. Ne5 Nxe5 17. Qxe5 Qxe5 18. dxe5 Rc7 19. Rd4 Rac8 20.
Red1 h6 21. Ne2 Rc4 22. f3 Kf8 23. Kf2 Ke7 24. Rxc4 1/2-1/2

[Event "Landesliga Ost MV 2014-15"]
[Site "Mecklenburg-Vorpommern"]
[Date "2014.11.09"]
[Round "2.3"]
[White "Fasold, Gunnar"]
[Black "Hartung, Lothar"]
[Result "1/2-1/2"]
[WhiteElo "1575"]
[BlackElo "1791"]
[PlyCount "84"]
[EventType "team-tourn"]
[EventRounds "9"]
[EventCountry "GER"]
[SourceDate "2014.04.06"]
[WhiteTeam "Greifswalder SV  II"]
[BlackTeam "SG Eintracht Neubrandenburg  "]

1. d4 Nf6 2. c4 e5 3. dxe5 Ng4 4. Nf3 Nc6 5. e3 Ngxe5 6. Be2 Be7 7. O-O O-O 8.
a3 Bf6 9. Nc3 Nxf3+ 10. Bxf3 Bxc3 11. bxc3 Ne5 12. Be2 d6 13. Rb1 Rb8 14. Qd4
Bf5 15. e4 c5 16. Qd1 Be6 17. Qa4 a6 18. Rd1 Qf6 19. Rxd6 Nc6 20. Qc2 Qe5 21.
Rd1 Na5 22. f4 Qc7 23. Qa4 Rfd8 24. Be3 Bd7 25. Qc2 Bc6 26. e5 Qe7 27. Bf2 Qe6
28. Bxc5 Nxc4 29. Bxc4 Qxc4 30. Bd6 Ba4 31. Bxb8 Qc5+ 32. Qf2 Rxd1+ 33. Rxd1
Qxf2+ 34. Kxf2 Bxd1 35. Bd6 Bb3 36. Ke3 f6 37. Kd4 Kf7 38. f5 fxe5+ 39. Kxe5
Ba4 40. g4 Bc6 41. Kf4 Bb5 42. h4 Bd3 1/2-1/2

[Event "Landesliga Ost MV 2014-15"]
[Site "Mecklenburg-Vorpommern"]
[Date "2014.11.09"]
[Round "2.4"]
[White "Pruesse, Horst"]
[Black "Zimmermann, Bernd"]
[Result "1-0"]
[WhiteElo "1994"]
[BlackElo "1637"]
[PlyCount "59"]
[EventType "team-tourn"]
[EventRounds "9"]
[EventCountry "GER"]
[SourceDate "2014.04.06"]
[WhiteTeam "SG Eintracht Neubrandenburg  "]
[BlackTeam "Greifswalder SV  II"]

1. e4 e5 2. d4 exd4 3. c3 dxc3 4. Bc4 d6 5. Nf3 Be6 6. Bxe6 fxe6 7. Qb3 Be7 8.
Nd4 Bf6 9. Nxe6 Qc8 10. Nxc3 c6 11. Bf4 Ke7 12. Ng5 Bxg5 13. Bxg5+ Nf6 14. O-O
Nbd7 15. f4 Qc7 16. Rae1 Rae8 17. e5 dxe5 18. fxe5 Nxe5 19. Ne4 Rhf8 20. Qa3+
Ke6 21. Nc5+ Kf7 22. Bxf6 gxf6 23. Qb3+ Kg6 24. Ne6 Rxe6 25. Qxe6 Qb6+ 26. Kh1
Qxb2 27. Rxe5 Qxe5 28. Qxe5 fxe5 29. Rxf8 c5 30. Kg1 1-0

[Event "Landesliga Ost MV 2014-15"]
[Site "Mecklenburg-Vorpommern"]
[Date "2014.11.09"]
[Round "2.5"]
[White "Kohn, Matthias"]
[Black "Rossmann, Andreas"]
[Result "1-0"]
[WhiteElo "1634"]
[BlackElo "1941"]
[PlyCount "125"]
[EventType "team-tourn"]
[EventRounds "9"]
[EventCountry "GER"]
[SourceDate "2014.04.06"]
[WhiteTeam "Greifswalder SV  II"]
[BlackTeam "SG Eintracht Neubrandenburg  "]

1. d4 Nf6 2. c4 e6 3. Nc3 Bb4 4. Qc2 c5 5. a3 Qa5 6. Bd2 cxd4 7. Nb5 Bxd2+ 8.
Qxd2 Qxd2+ 9. Kxd2 Na6 10. Nxd4 Nc5 11. Rd1 d5 12. e3 Bd7 13. Ngf3 Nce4+ 14.
Ke1 Ng4 15. Rc1 Ngxf2 16. Rg1 Rc8 17. Be2 Ng4 18. Nd2 Nxe3 19. Nxe4 dxe4 20. g4
e5 21. Nb3 Be6 22. Nd2 Nd5 23. Nxe4 Ke7 24. c5 Nf4 25. Nd6 Rb8 26. Rd1 Nxe2 27.
Kxe2 Rhd8 28. Rg3 b6 29. b4 bxc5 30. bxc5 Rb2+ 31. Rd2 Rxd2+ 32. Kxd2 Rd7 33.
Kc3 Rc7 34. Kb4 a5+ 35. Kb5 Bd7+ 36. Kc4 Bc6 37. Rd3 g6 38. Rd2 h6 39. h4 g5
40. hxg5 hxg5 41. Nf5+ Kf8 42. Rd8+ Be8 43. Nd6 Re7 44. Kd5 f6 45. c6 e4 46. c7
Rxc7 47. Rxe8+ Kg7 48. Rxe4 Rc3 49. a4 Rf3 50. Nf5+ Kf7 51. Kc5 Rb3 52. Nd6+
Kf8 53. Nf5 Kf7 54. Rc4 Ke8 55. Nd4 Rb8 56. Nc6 Rc8 57. Kb5 Kd7 58. Ne5+ fxe5
59. Rxc8 Kxc8 60. Kxa5 Kc7 61. Kb5 Kd6 62. Kc4 Kc6 63. Kd3 1-0

[Event "Landesliga Ost MV 2014-15"]
[Site "Mecklenburg-Vorpommern"]
[Date "2014.11.09"]
[Round "2.6"]
[White "Kunow, Frank"]
[Black "Kriese, Ralf"]
[Result "1/2-1/2"]
[WhiteElo "1864"]
[BlackElo "1656"]
[PlyCount "133"]
[EventType "team-tourn"]
[EventRounds "9"]
[EventCountry "GER"]
[SourceDate "2014.04.06"]
[WhiteTeam "SG Eintracht Neubrandenburg  "]
[BlackTeam "Greifswalder SV  II"]

1. Nf3 d5 2. c4 e6 3. g3 Nf6 4. Bg2 Be7 5. O-O O-O 6. b3 c6 7. Bb2 Nbd7 8. Nc3
b6 9. d3 Bb7 10. Rc1 c5 11. cxd5 Nxd5 12. Nxd5 Bxd5 13. e3 Nf6 14. Qe2 Qd7 15.
e4 Bb7 16. Ne5 Qd6 17. Ng4 Nxg4 18. Qxg4 e5 19. f4 Bf6 20. Qf5 Bc8 21. fxe5
Bxf5 22. exd6 Bxb2 23. exf5 Bxc1 24. Rxc1 Rad8 25. Be4 Rxd6 26. Kf2 Rfd8 27.
Ke3 Kf8 28. h4 Ke7 29. g4 h6 30. Rc3 R8d7 31. Kf4 a5 32. a4 Rd4 33. Ke3 g6 34.
fxg6 fxg6 35. Rc1 Kf6 36. Rf1+ Kg7 37. h5 gxh5 38. gxh5 R7d6 39. Rg1+ Kf7 40.
Bg6+ Kf6 41. Be4 Rb4 42. Rb1 Kg5 43. Bf3 Re6+ 44. Kd2 Rd6 45. Ke3 b5 46. axb5
Rxb5 47. Rg1+ Kf6 48. Rc1 Rxb3 49. Be4 Rb5 50. Rf1+ Ke7 51. Rg1 a4 52. Rg7+ Kd8
53. Ra7 Rb4 54. Kf4 Rxd3 55. Ke5 Rh3 56. Bc6 Rxh5+ 57. Ke6 Rb6 58. Kd6 Rxc6+
59. Kxc6 Rg5 60. Kd6 Ke8 61. Ke6 Kf8 62. Kf6 Ke8 63. Ke6 Kd8 64. Kd6 Kc8 65.
Kc6 Kb8 66. Rxa4 Rg6+ 67. Kxc5 1/2-1/2

[Event "Landesliga Ost MV 2014-15"]
[Site "Mecklenburg-Vorpommern"]
[Date "2014.11.09"]
[Round "2.7"]
[White "Motullo, Jens"]
[Black "Winkler, Karl"]
[Result "1/2-1/2"]
[WhiteElo "1617"]
[BlackElo "1811"]
[PlyCount "29"]
[EventType "team-tourn"]
[EventRounds "9"]
[EventCountry "GER"]
[SourceDate "2014.04.06"]
[WhiteTeam "Greifswalder SV  II"]
[BlackTeam "SG Eintracht Neubrandenburg  "]

1. e4 e5 2. f4 exf4 3. Nf3 d5 4. exd5 Nf6 5. Bb5+ Bd7 6. Bxd7+ Nbxd7 7. c4 Bc5
8. Qe2+ Qe7 9. Qxe7+ Kxe7 10. d4 Bb4+ 11. Nbd2 Rae8 12. O-O h6 13. a3 Bxd2 14.
Bxd2 g5 15. Bb4+ 1/2-1/2